NFL Quarterbacks' Alma Maters - Expert - Statistics

General Stats
  • This quiz has been taken 466 times
  • The average score is 17 of 25
Answer Stats
QB #1 QB #2 QB #3 College % Correct
Steve Fuller Deshaun Watson Trevor Lawrence Clemson
92%
Gary Kubiak Ryan Tannehill Johnny Manziel Texas A&M
92%
Brad Johnson Danny Kanell Jameis Winston Florida St.
91%
Mike Tomczak Terrelle Pryor Justin Fields Ohio St.
91%
Pat Sullivan Jason Campbell Cam Newton Auburn
90%
Don Strock Michael Vick Tyrod Taylor Virginia Tech
87%
Earl Morrall Tony Banks Kirk Cousins Michigan St.
86%
Sonny Jurgensen Dave Brown Daniel Jones Duke
83%
Sammy Baugh Davey O'Brien Andy Dalton TCU
82%
Jeff Hostetler Marc Bulger Geno Smith West Virginia
82%
Trent Dilfer Billy Volek Derek Carr Fresno St.
79%
Lee Grosscup Scott Mitchell Alex Smith Utah
71%
Andre Ware Kevin Kolb Case Keenum Houston
70%
Eric Kresser Chad Pennington Byron Leftwich Marshall
70%
Danny White Jake Plummer Brock Osweiler Arizona St.
62%
Sean Payton Tony Romo Jimmy Garoppolo Eastern Illinois
62%
Lynn Dickey Steve Grogan Josh Freeman Kansas St.
61%
Milt Plum Todd Blackledge Kerry Collins Penn St.
61%
George Blanda Babe Parilli Tim Couch Kentucky
48%
Terry Bradshaw Tim Rattay Luke McCown Louisiana Tech
43%
Gary Cuozzo Don Majkowski Matt Schaub Virginia
40%
Don Meredith Mike Livingston Josh McCown SMU
36%
Tony Eason Jack Trudeau Jeff George Illinois
32%
Boomer Esiason Frank Reich Neil O'Donnell Maryland
29%
Tobin Rote Frank Ryan Tommy Kramer Rice
12%
No matching quizzes found
Score Distribution
Percent of People with Each Score
Percentile by Number Answered
Your Score History
You have not taken this quiz